[Event "CZE-ch Betsys Online Blitz"]
[Site "Chess.com INT"]
[Date "2021.04.17"]
[Round "2"]
[White "Joukl, Zdenek"]
[Black "Ralis, Petr"]
[Result "0-1"]
[WhiteElo "2040"]
[BlackElo "2183"]
[PlyCount "104"]
[EventDate "2021.04.17"]
[EventType "swiss (blitz)"]
[EventRounds "13"]
[EventCountry "CZE"]
[SourceTitle "CBM 201 Extra"]
[Source "ChessBase"]
[SourceDate "2021.05.31"]
[SourceVersion "1"]
[SourceVersionDate "2021.05.31"]
[SourceQuality "1"]

1. d4 Nf6 2. Nf3 g6 3. Bf4 Bg7 4. e3 d6 5. Nbd2 0-0 6. Bc4 c6 7. 0-0 Nbd7 8. c3 Nh5 9. Bg5 h6 10. Bh4 Ndf6 11. e4 g5 12. Bg3 Nxg3 13. hxg3 d5 14. Bd3 dxe4 15. Nxe4 Nxe4 16. Bxe4 Bg4 17. Qc2 Qd6 18. Rfe1 Rad8 19. Bf5 Bxf5 20. Qxf5 e6 21. Qe4 Qd5 22. Qxd5 cxd5 23. Ne5 Rd6 24. Nd3 Rc8 25. f4 Rb6 26. Re2 a5 27. Kf2 a4 28. a3 Rb5 29. Rh1 Rc6 30. Rh5 gxf4 31. gxf4 Rc8 32. Kf3 Rb6 33. g4 Rf8 34. Reh2 f6 35. Re2 Rd6 36. Kg3 Kh7 37. Kf3 Kg6 38. Kg3 f5 39. Rh4 fxg4 40. Rxg4+ Kh7 41. Rg2 Rd7 42. Kf3 Rdf7 43. Ke3 Bf6 44. Nc5 Re7 45. Nxa4 Bh8 46. Nc5 b6 47. Nd3 Rg7 48. Rxg7+ Bxg7 49. Ne5 Rf5 50. Kf3 Rh5 51. Kg4 Rh1 52. Kf3 Rf1+ 0-1

[Event "Stare Mesto op"]
[Site "Stare Mesto"]
[Date "2019.08.24"]
[Round "8"]
[White "Hradecky, Ivo"]
[Black "Ralis, Petr"]
[Result "0-1"]
[WhiteElo "2042"]
[BlackElo "2207"]
[PlyCount "104"]
[EventDate "2019.08.17"]
[EventType "swiss"]
[EventRounds "9"]
[EventCountry "CZE"]
[SourceTitle "EXT 2020"]
[Source "ChessBase"]
[SourceDate "2019.10.17"]
[SourceVersion "1"]
[SourceVersionDate "2019.10.17"]
[SourceQuality "1"]

1. d4 Nf6 2. c4 d6 3. Nc3 Nbd7 4. e4 e5 5. d5 Nc5 6. Qc2 a5 7. Be2 Be7 8. Nf3 0-0 9. 0-0 Bg4 10. Ne1 c6 11. Bxg4 Nxg4 12. f3 Nf6 13. Be3 Nfd7 14. Rd1 Qc7 15. Nd3 Rfc8 16. b3 Na6 17. a3 c5 18. Qd2 Qb6 19. Rb1 Qd8 20. g3 Bf6 21. Kh1 Nc7 22. Rf2 Qe8 23. a4 Rd8 24. Rg1 Nb8 25. Rfg2 Nba6 26. Nd1 Nb4 27. Nxb4 axb4 28. Nf2 Rd7 29. Qd3 Qd8 30. Qc2 Ne8 31. f4 g6 32. Ng4 Qe7 33. Rf1 exf4 34. gxf4 Bg7 35. e5 h5 36. exd6 Qxd6 37. Ne5 Re7 38. Qf2 b6 39. Nc6 Re4 40. f5 Kh7 41. Rfg1 Rg4 42. Rxg4 hxg4 43. fxg6+ fxg6 44. Qh4+ Kg8 45. Rxg4 Nf6 46. Rxg6 Kf7 47. Qg5 Rg8 48. Bf4 Qf8 49. Rxf6+ Bxf6 50. Qf5 Qe8 51. Be5 Rg6 52. d6 Qxc6+ 0-1

[Event "Stare Mesto op"]
[Site "Stare Mesto"]
[Date "2019.08.22"]
[Round "6"]
[White "Ralis, Petr"]
[Black "Skalsky, Alexandr"]
[Result "1/2-1/2"]
[WhiteElo "2207"]
[BlackElo "2128"]
[PlyCount "67"]
[EventDate "2019.08.17"]
[EventType "swiss"]
[EventRounds "9"]
[EventCountry "CZE"]
[SourceTitle "EXT 2020"]
[Source "ChessBase"]
[SourceDate "2019.10.17"]
[SourceVersion "1"]
[SourceVersionDate "2019.10.17"]
[SourceQuality "1"]

1. Nf3 g6 2. g3 Bg7 3. Bg2 c5 4. 0-0 Nc6 5. d3 d6 6. e4 e5 7. c3 Nge7 8. a3 0-0 9. b4 a6 10. Be3 b6 11. Qd2 Qc7 12. Bh6 Bxh6 13. Qxh6 f6 14. h4 Be6 15. Nbd2 Nd8 16. Rac1 Rc8 17. Kh2 Nf7 18. Qe3 f5 19. Ng5 f4 20. Qe2 Nxg5 21. hxg5 fxg3+ 22. fxg3 Kg7 23. Qe3 Ng8 24. d4 Rxf1 25. Rxf1 cxd4 26. cxd4 Qc3 27. Qxc3 Rxc3 28. d5 Bd7 29. Bh3 Bb5 30. Rf3 Rc2 31. Rf2 h6 32. gxh6+ Nxh6 33. Be6 Ng8 34. Bxg8 1/2-1/2

[Event "Stare Mesto op"]
[Site "Stare Mesto"]
[Date "2019.08.20"]
[Round "4"]
[White "Babula, Vlastimil1111"]
[Black "Ralis, Petr"]
[Result "0-1"]
[WhiteElo "1952"]
[BlackElo "2207"]
[PlyCount "44"]
[EventDate "2019.08.17"]
[EventType "swiss"]
[EventRounds "9"]
[EventCountry "CZE"]
[SourceTitle "EXT 2020"]
[Source "ChessBase"]
[SourceDate "2019.10.17"]
[SourceVersion "1"]
[SourceVersionDate "2019.10.17"]
[SourceQuality "1"]

1. e4 g6 2. d4 d6 3. Nc3 Bg7 4. Be3 a6 5. Qd2 Nd7 6. 0-0-0 b5 7. f3 Nb6 8. h4 h5 9. Kb1 c6 10. Be2 b4 11. g4 hxg4 12. fxg4 bxc3 13. Qxc3 Nf6 14. g5 Ng4 15. Qxc6+ Bd7 16. Qc3 Na4 17. Qd3 Nxe3 18. Qxe3 Rb8 19. b3 Qa5 20. Rf1 Qc3 21. Qxc3 Nxc3+ 22. Kb2 Bxd4 0-1

[Event "Prague Golden rap op 15th"]
[Site "Prague"]
[Date "2019.06.30"]
[Round "2"]
[White "Ralis, Petr"]
[Black "Zvacek, Antonin"]
[Result "1-0"]
[WhiteElo "2207"]
[BlackElo "1900"]
[PlyCount "41"]
[EventDate "2019.06.30"]
[EventType "swiss (rapid)"]
[EventRounds "7"]
[EventCountry "CZE"]
[SourceTitle "CBM 191 Extra"]
[Source "ChessBase"]
[SourceDate "2019.09.30"]
[SourceVersion "1"]
[SourceVersionDate "2019.09.30"]
[SourceQuality "1"]

1. e4 c5 2. Nf3 Nc6 3. d3 g6 4. g3 Bg7 5. Bg2 d6 6. 0-0 e5 7. c3 Nge7 8. a4 0-0 9. Nbd2 d5 10. exd5 Nxd5 11. Nc4 Bg4 12. Qb3 Nb6 13. a5 Nxc4 14. Qxc4 Rc8 15. Qxg4 Qxd3 16. Re1 f5 17. Qh4 Rc7 18. Ng5 Bf6 19. Bf1 Qd8 20. Qc4+ Kh8 21. Ne6 1-0

[Event "CZE-chT2B 1819"]
[Site "Czech Republic"]
[Date "2019.02.10"]
[Round "8.6"]
[White "Vales, Vaclav"]
[Black "Ralis, Petr"]
[Result "1/2-1/2"]
[WhiteElo "2154"]
[BlackElo "2183"]
[PlyCount "104"]
[EventDate "2018.10.14"]
[EventType "team-tourn"]
[EventRounds "11"]
[EventCountry "CZE"]
[SourceTitle "EXT 2022"]
[Source "ChessBase"]
[SourceDate "2021.10.06"]
[SourceVersion "1"]
[SourceVersionDate "2021.10.06"]
[SourceQuality "1"]
[WhiteTeam "Decin"]
[BlackTeam "Podborany"]
[WhiteTeamCountry "CZE"]
[BlackTeamCountry "CZE"]

1. c4 Nf6 2. Nc3 d6 3. d4 g6 4. e4 Bg7 5. Be2 0-0 6. Nf3 Nbd7 7. 0-0 e5 8. Re1 exd4 9. Nxd4 Nc5 10. Bf1 Re8 11. f3 a5 12. Rb1 c6 13. Nc2 Be6 14. Be3 Qe7 15. Bf2 Nfd7 16. Qd2 Ne5 17. Ne3 a4 18. Kh1 Bh6 19. Qd4 Red8 20. b4 axb3 21. axb3 Bg7 22. Qd2 Qf6 23. Rec1 Ra3 24. Qd1 h5 25. Be2 Bh6 26. Bg1 h4 27. h3 Bf4 28. Qc2 Qg5 29. Ncd1 Rda8 30. Qc3 Ncd7 31. Ra1 Nf6 32. Rxa3 Rxa3 33. Ra1 Nh5 34. Nf1 Rxa1 35. Qxa1 Qe7 36. Qa8+ Kh7 37. Bb6 Qd7 38. Qd8 Ng3+ 39. Nxg3 Qxd8 40. Bxd8 hxg3 41. Bb6 Kh6 42. Kg1 c5 43. Nc3 Nc6 44. Nb5 Nd4 45. Nxd4 Be3+ 46. Kf1 Bxd4 47. Bc7 Be5 48. Ke1 Kg5 49. Bf1 Kf4 50. Ba5 Ke3 51. Bd2+ Kd4 52. Ke2 f5 1/2-1/2

[Event "CZE-chT2B 1819"]
[Site "Czech Republic"]
[Date "2018.11.18"]
[Round "3.6"]
[White "Ralis, Petr"]
[Black "Kozak, Karel"]
[Result "1-0"]
[WhiteElo "2183"]
[BlackElo "1892"]
[PlyCount "45"]
[EventDate "2018.10.14"]
[EventType "team-tourn"]
[EventRounds "11"]
[EventCountry "CZE"]
[SourceTitle "EXT 2022"]
[Source "ChessBase"]
[SourceDate "2021.10.06"]
[SourceVersion "1"]
[SourceVersionDate "2021.10.06"]
[SourceQuality "1"]
[WhiteTeam "Podborany"]
[BlackTeam "Louny Union"]
[WhiteTeamCountry "CZE"]
[BlackTeamCountry "CZE"]

1. e4 c5 2. Nf3 Nc6 3. d3 e6 4. g3 d6 5. Bg2 Bd7 6. 0-0 g6 7. Bg5 Qc7 8. Nc3 a6 9. d4 cxd4 10. Nxd4 Bg7 11. Nxc6 bxc6 12. Qd2 h6 13. Bf4 e5 14. Be3 Nf6 15. h3 Rd8 16. Rfd1 Bc8 17. Na4 c5 18. c4 Be6 19. b3 Rd7 20. Rac1 Qc6 21. Nc3 Qb7 22. f4 Qc7 23. Rf1 1-0

[Event "Pardubice Czech op-A 29th"]
[Site "Pardubice"]
[Date "2018.07.28"]
[Round "9"]
[White "Rakshitta, Ravi"]
[Black "Ralis, Petr"]
[Result "1/2-1/2"]
[WhiteElo "2026"]
[BlackElo "2199"]
[PlyCount "21"]
[EventDate "2018.07.20"]
[EventType "swiss"]
[EventRounds "9"]
[EventCountry "CZE"]
[SourceTitle "CBM 185 Extra"]
[Source "ChessBase"]
[SourceDate "2018.07.29"]
[SourceVersion "1"]
[SourceVersionDate "2018.07.29"]
[SourceQuality "1"]

1. e4 c5 2. Nc3 e6 3. Nf3 d6 4. g3 Nc6 5. Bg2 Bd7 6. d4 cxd4 7. Nxd4 Nf6 8. 0-0 a6 9. Re1 Rc8 10. Nxc6 Bxc6 11. Nd5 1/2-1/2

[Event "Pardubice Czech op-A 29th"]
[Site "Pardubice"]
[Date "2018.07.26"]
[Round "7"]
[White "Galperin, Platon"]
[Black "Ralis, Petr"]
[Result "1-0"]
[WhiteElo "2320"]
[BlackElo "2199"]
[PlyCount "59"]
[EventDate "2018.07.20"]
[EventType "swiss"]
[EventRounds "9"]
[EventCountry "CZE"]
[SourceTitle "CBM 185 Extra"]
[Source "ChessBase"]
[SourceDate "2018.07.29"]
[SourceVersion "1"]
[SourceVersionDate "2018.07.29"]
[SourceQuality "1"]

1. Nf3 g6 2. e4 Bg7 3. d4 d6 4. Bc4 Nf6 5. Qe2 Nc6 6. e5 dxe5 7. dxe5 Ng4 8. e6 f6 9. 0-0 Qd6 10. Rd1 Qb4 11. a3 Qb6 12. Nc3 0-0 13. Nd5 Qc5 14. b4 Qd6 15. Bf4 Nge5 16. Nxf6+ Bxf6 17. Rxd6 Nxf3+ 18. Qxf3 cxd6 19. Rd1 Be5 20. g3 g5 21. Qg4 Bxf4 22. gxf4 Kh8 23. Bd3 gxf4 24. Qh5 Rg8+ 25. Kh1 Rg7 26. Rg1 Bxe6 27. Rxg7 Kxg7 28. Qxh7+ Kf6 29. Qg6+ Ke5 30. Qg7+ 1-0

[Event "CZE-chT2A 1718"]
[Site "Czech Republic"]
[Date "2018.01.28"]
[Round "7.5"]
[White "Ksana, Vaclav"]
[Black "Ralis, Petr"]
[Result "1-0"]
[WhiteElo "2034"]
[BlackElo "2184"]
[PlyCount "101"]
[EventDate "2017.10.15"]
[EventType "team-tourn"]
[EventRounds "11"]
[EventCountry "CZE"]
[SourceTitle "EXT 2022"]
[Source "ChessBase"]
[SourceDate "2021.10.06"]
[SourceVersion "1"]
[SourceVersionDate "2021.10.06"]
[SourceQuality "1"]
[WhiteTeam "Most Chess"]
[BlackTeam "Podborany"]
[WhiteTeamCountry "CZE"]
[BlackTeamCountry "CZE"]

1. e4 g6 2. d4 Bg7 3. Nc3 d6 4. f4 a6 5. Nf3 b5 6. Bd3 b4 7. Ne2 c5 8. d5 Nf6 9. c4 bxc3 10. Nxc3 Qb6 11. h3 0-0 12. Nd2 Nbd7 13. Nc4 Qc7 14. 0-0 Nb6 15. Qf3 Nfd7 16. Bd2 Nxc4 17. Bxc4 Rb8 18. Na4 Qb7 19. Rab1 Nb6 20. Nxb6 Qxb6 21. b3 Bd7 22. a4 e6 23. Bc3 Bxc3 24. Qxc3 exd5 25. Bxd5 Be6 26. Bxe6 fxe6 27. Qc4 Rfe8 28. f5 Qb4 29. fxg6 hxg6 30. Qxa6 Qxe4 31. Qxd6 Qd4+ 32. Qxd4 cxd4 33. b4 e5 34. Rfd1 Kf7 35. b5 Ra8 36. Rb4 Ke6 37. b6 Reb8 38. Kf2 Ra5 39. Rdb1 Kd6 40. b7 g5 41. Kf3 Rc5 42. Ke4 Rc2 43. Rb6+ Kc7 44. a5 Re2+ 45. Kd3 Rxg2 46. a6 Rg3+ 47. Ke4 Re3+ 48. Kd5 Ra3 49. Rc6+ Kd7 50. Rbb6 Rd8 51. Rd6+ 1-0

[Event "CZE-chT2A 1718"]
[Site "Czech Republic"]
[Date "2017.11.19"]
[Round "3.5"]
[White "Eretova, Jana"]
[Black "Ralis, Petr"]
[Result "0-1"]
[WhiteElo "1991"]
[BlackElo "2184"]
[PlyCount "70"]
[EventDate "2017.10.15"]
[EventType "team-tourn"]
[EventRounds "11"]
[EventCountry "CZE"]
[SourceTitle "EXT 2022"]
[Source "ChessBase"]
[SourceDate "2021.10.06"]
[SourceVersion "1"]
[SourceVersionDate "2021.10.06"]
[SourceQuality "1"]
[WhiteTeam "Klatovy"]
[BlackTeam "Podborany"]
[WhiteTeamCountry "CZE"]
[BlackTeamCountry "CZE"]

1. e4 c5 2. Nf3 d6 3. c3 Nf6 4. Bd3 g6 5. 0-0 Bg7 6. h3 0-0 7. Bc2 Nc6 8. Re1 Nd7 9. a4 a6 10. d3 Rb8 11. Bd2 b5 12. axb5 axb5 13. Qc1 Re8 14. Bh6 Bh8 15. Ng5 e6 16. f4 b4 17. f5 bxc3 18. bxc3 exf5 19. exf5 Rxe1+ 20. Qxe1 Qe7 21. Na3 Qxe1+ 22. Rxe1 Ba6 23. c4 Nde5 24. Ne4 gxf5 25. Nxd6 Nd4 26. Re3 Rb2 27. Rg3+ Ng6 28. Re3 Be5 29. Ba4 Bxd6 30. Re8+ Bf8 31. Bxf8 Nxf8 32. Nb5 Bxb5 33. Bxb5 Kg7 34. Re5 Nfe6 35. Bd7 Kf6 0-1

[Event "CZE-chT2A 1617"]
[Site "Czech Republic"]
[Date "2017.01.29"]
[Round "7.3"]
[White "Ralis, Petr"]
[Black "Slovak, Kilian"]
[Result "1/2-1/2"]
[WhiteElo "2197"]
[BlackElo "2104"]
[PlyCount "194"]
[EventDate "2016.10.09"]
[EventType "team-tourn"]
[EventRounds "11"]
[EventCountry "CZE"]
[SourceTitle "EXT 2022"]
[Source "ChessBase"]
[SourceDate "2021.10.06"]
[SourceVersion "1"]
[SourceVersionDate "2021.10.06"]
[SourceQuality "1"]
[WhiteTeam "Podborany"]
[BlackTeam "Praha Kobylisy"]
[WhiteTeamCountry "CZE"]
[BlackTeamCountry "CZE"]

1. e4 c5 2. Nf3 Nc6 3. d3 g6 4. g3 Bg7 5. Bg2 d6 6. 0-0 Rb8 7. a4 a6 8. Re1 b5 9. axb5 axb5 10. Nbd2 Bb7 11. h4 h5 12. Nb3 Ra8 13. Rb1 Nh6 14. Bg5 Ng4 15. e5 0-0 16. exd6 Qxd6 17. Nfd2 f5 18. Bxe7 Nxe7 19. Bxb7 Ra7 20. Bf3 Ne5 21. Qe2 N7c6 22. Bxc6 Qxc6 23. f4 Ng4 24. Qe6+ Qxe6 25. Rxe6 Kf7 26. Re2 Rd8 27. Kg2 Rc7 28. Nf3 Bf6 29. Rbe1 c4 30. Nc1 Kg7 31. d4 Rcd7 32. c3 Ra8 33. Ne5 Rd6 34. b3 Ra3 35. Rb2 cxb3 36. Rxb3 Rxb3 37. Nxb3 Ra6 38. Nxg4 hxg4 39. Ra1 Rc6 40. Rc1 Rc4 41. Kf2 b4 42. Ke2 Rxc3 43. Rxc3 bxc3 44. Kd3 Kf7 45. Kxc3 Ke6 46. Kc4 Kd6 47. Nd2 Bg7 48. Nf1 Bf6 49. Ne3 Bd8 50. h5 gxh5 51. Nxf5+ Ke6 52. Ne3 Ba5 53. Ng2 Bb6 54. Kd3 Ba5 55. Ke4 Bb4 56. d5+ Kf6 57. Kd4 Bd6 58. Ke4 Bc5 59. Nh4 Bb4 60. Nf5 Bd6 61. Nd4 Bc5 62. Ne2 Bb4 63. Kd4 Be1 64. d6 h4 65. gxh4 Bxh4 66. Ke4 Bf2 67. f5 Bc5 68. d7 Bb6 69. Nf4 Bd8 70. Nd5+ Kg5 71. f6 Kg6 72. Kf4 Kf7 73. Kxg4 Ke6 74. Kh5 Kxd7 75. f7 Be7 76. Kg6 Bf8 77. Kf6 Bc5 78. Nb6+ Kc7 79. Nd5+ Kd7 80. Nf4 Bd6 81. Ne2 Bf8 82. Nc3 Bc5 83. Kg6 Ke6 84. Ne2 Bf8 85. Nd4+ Ke5 86. Nf3+ Ke6 87. Ng5+ Kd7 88. Kh7 Ba3 89. Kg7 Bb2+ 90. Kg8 Ba3 91. Nf3 Bd6 92. Ne5+ Ke6 93. Ng6 Ba3 94. Nf8+ Kf6 95. Nd7+ Ke6 96. Nb6 Bc5 97. Kg7 Bb4 1/2-1/2

[Event "CZE-chT2A 1617"]
[Site "Czech Republic"]
[Date "2016.11.13"]
[Round "3.2"]
[White "Kotyk, Vaclav"]
[Black "Ralis, Petr"]
[Result "1/2-1/2"]
[WhiteElo "2163"]
[BlackElo "2197"]
[PlyCount "133"]
[EventDate "2016.10.09"]
[EventType "team-tourn"]
[EventRounds "11"]
[EventCountry "CZE"]
[SourceTitle "EXT 2022"]
[Source "ChessBase"]
[SourceDate "2021.10.06"]
[SourceVersion "1"]
[SourceVersionDate "2021.10.06"]
[SourceQuality "1"]
[WhiteTeam "Kladno"]
[BlackTeam "Podborany"]
[WhiteTeamCountry "CZE"]
[BlackTeamCountry "CZE"]

1. d4 g6 2. c4 Bg7 3. Nf3 Nf6 4. Nc3 0-0 5. e4 d6 6. Be2 Nbd7 7. 0-0 e5 8. Be3 exd4 9. Nxd4 Nc5 10. f3 a5 11. Qd2 Re8 12. Rad1 Qe7 13. Rfe1 c6 14. Nc2 Bf8 15. Bf4 Rd8 16. e5 Ne8 17. Bg5 f6 18. exf6 Nxf6 19. Qf4 Bg7 20. Bf1 Qf8 21. Qh4 h6 22. Be3 g5 23. Qf2 Bf5 24. Nd4 Bd7 25. Qc2 Nh5 26. Ne4 Ne6 27. Nxd6 Qxd6 28. Qg6 Be8 29. Qxe6+ Qxe6 30. Nxe6 Rxd1 31. Rxd1 Bxb2 32. Rb1 Be5 33. Rxb7 Bf7 34. Nd4 Bxd4 35. Bxd4 Rd8 36. Be5 Rd1 37. Kf2 Nf4 38. Rb3 Rxf1+ 39. Kxf1 Bxc4+ 40. Kf2 Bxb3 41. Bxf4 Bxa2 42. Bd6 Kf7 43. Ke3 Ke6 44. Bf8 h5 45. Kd4 Bd5 46. Ba3 Kf5 47. Bd6 a4 48. Ke3 Bc4 49. g3 Ba6 50. Kd4 Bb5 51. Be7 Ba6 52. h4 gxh4 53. Bxh4 a3 54. Kc3 a2 55. Kb2 Bc4 56. g4+ hxg4 57. fxg4+ Kxg4 58. Bf2 Kf3 59. Bc5 Ke4 60. Bf8 Bf7 61. Ka1 Kd4 62. Be7 Kc3 63. Bf8 Kb3 64. Be7 Ka4 65. Bf8 Kb5 66. Be7 c5 67. Bxc5 1/2-1/2

[Event "CZE-chT2A 1516"]
[Site "Czech Republic"]
[Date "2016.04.03"]
[Round "10.4"]
[White "Ralis, Petr"]
[Black "Pospech, Radim"]
[Result "1/2-1/2"]
[WhiteElo "2203"]
[BlackElo "2066"]
[PlyCount "73"]
[EventDate "2015.10.18"]
[EventType "team-tourn"]
[EventRounds "11"]
[EventCountry "CZE"]
[SourceTitle "EXT 2022"]
[Source "ChessBase"]
[SourceDate "2021.10.06"]
[SourceVersion "1"]
[SourceVersionDate "2021.10.06"]
[SourceQuality "1"]
[WhiteTeam "Podborany"]
[BlackTeam "Praha Dukla"]
[WhiteTeamCountry "CZE"]
[BlackTeamCountry "CZE"]

1. e4 c5 2. Nf3 d6 3. d3 Nc6 4. g3 g6 5. Bg2 Bg7 6. 0-0 e6 7. Nbd2 Nge7 8. Re1 0-0 9. a4 Rb8 10. Nc4 b5 11. axb5 Rxb5 12. c3 e5 13. Qa4 Rb7 14. Nfd2 Qc7 15. Nf1 Bd7 16. Qa6 Bc8 17. Qa3 Bd7 18. Nfe3 Re8 19. Qa6 Nc8 20. Nd5 Qb8 21. Bg5 h6 22. Be3 N6e7 23. Nxe7+ Rxe7 24. Qa3 Rb3 25. Qa5 Re8 26. Bc1 Rb7 27. Qa3 Rb3 28. Qa2 Be6 29. Qa4 Qb5 30. Bf1 Bxc4 31. dxc4 Qxa4 32. Rxa4 Re7 33. Ra6 Reb7 34. Rc6 Rb8 35. Bh3 Nb6 36. Rxd6 Nxc4 37. Rc6 1/2-1/2

[Event "CZE-chT2A 1516"]
[Site "Czech Republic"]
[Date "2016.01.10"]
[Round "5.4"]
[White "Ralis, Petr"]
[Black "Vedral, Oldrich"]
[Result "0-1"]
[WhiteElo "2203"]
[BlackElo "2253"]
[PlyCount "186"]
[EventDate "2015.10.18"]
[EventType "team-tourn"]
[EventRounds "11"]
[EventCountry "CZE"]
[SourceTitle "EXT 2022"]
[Source "ChessBase"]
[SourceDate "2021.10.06"]
[SourceVersion "1"]
[SourceVersionDate "2021.10.06"]
[SourceQuality "1"]
[WhiteTeam "Podborany"]
[BlackTeam "Praha Oaza"]
[WhiteTeamCountry "CZE"]
[BlackTeamCountry "CZE"]

1. g3 e5 2. Bg2 d5 3. d3 Nf6 4. Nd2 Bc5 5. e3 Bg4 6. Ne2 Qd7 7. h3 Be6 8. a3 a5 9. b3 Nc6 10. Bb2 Bb6 11. c4 0-0 12. Qc2 Rfe8 13. cxd5 Bxd5 14. Ne4 Nxe4 15. dxe4 Be6 16. Rd1 Qe7 17. Nc3 f6 18. Nd5 Qf7 19. 0-0 Rad8 20. Qc3 Ne7 21. Nxb6 cxb6 22. Rxd8 Rxd8 23. b4 Nc6 24. Rc1 Qd7 25. Kh2 Qd2 26. Rc2 Qxc3 27. Bxc3 Bc4 28. Rd2 Rxd2 29. Bxd2 Kf7 30. h4 a4 31. Bh3 Na7 32. f3 Ke7 33. Bc3 Nb5 34. Bb2 Nd6 35. Kg1 Kd8 36. Kf2 Bd3 37. Be6 Bc4 38. Bh3 Kc7 39. Ke1 Kc6 40. Kd2 Bf7 41. Bf1 b5 42. Bc1 h5 43. Bh3 Bb3 44. Ke2 Kc7 45. Bb2 Kd8 46. Bg2 Be6 47. Kd3 Ke7 48. Ke2 Nc4 49. Bc1 g5 50. Kf2 g4 51. Ke2 Bd7 52. f4 Bc6 53. Kd3 Ke6 54. Bh1 Kd6 55. Bg2 Ke7 56. Bh1 f5 57. Bg2 Nd6 58. fxe5 fxe4+ 59. Ke2 Nf5 60. Kf2 Bd5 61. Bb2 Ke6 62. Bf1 Bc4 63. Bg2 Bd3 64. Ba1 Kd5 65. Bd4 Kc4 66. Ke1 Nxg3 67. e6 Nf5 68. Bc5 Kd5 69. e7 Ng7 70. Kf2 Ke6 71. Kg3 Kf7 72. Kf2 Nf5 73. Bh1 Nxh4 74. Kg3 Ng6 75. Bg2 Nxe7 76. Kh4 Nd5 77. Kxh5 Nc3 78. Bd4 Nb1 79. Bb2 Ke6 80. Kxg4 Kd5 81. Kf4 Nd2 82. Bh3 Nc4 83. Bc1 b6 84. Bf5 Nd6 85. Bh7 Kc4 86. Ke5 Nf7+ 87. Kf6 Kc3 88. Kxf7 Kc2 89. Ke6 Kxc1 90. Kd5 Kb2 91. Kd4 Kxa3 92. Kc3 Ka2 93. Bg8+ Kb1 0-1

[Event "CZE-chT2B 1415"]
[Site "Czech Republic"]
[Date "2014.12.14"]
[Round "4.2"]
[White "Havranek, Miroslav"]
[Black "Ralis, Petr"]
[Result "1/2-1/2"]
[WhiteElo "2166"]
[BlackElo "2228"]
[PlyCount "45"]
[EventDate "2014.11.02"]
[EventType "team-tourn"]
[EventRounds "11"]
[EventCountry "CZE"]
[SourceTitle "EXT 2022"]
[Source "ChessBase"]
[SourceDate "2021.10.06"]
[SourceVersion "1"]
[SourceVersionDate "2021.10.06"]
[SourceQuality "1"]
[WhiteTeam "Decin"]
[BlackTeam "Teplice"]
[WhiteTeamCountry "CZE"]
[BlackTeamCountry "CZE"]

1. e4 c5 2. Nf3 a6 3. c3 d5 4. exd5 Qxd5 5. d4 e6 6. Be3 cxd4 7. cxd4 Nf6 8. Nc3 Qd6 9. Be2 Nc6 10. 0-0 Nb4 11. Ne5 Nbd5 12. Bf3 Be7 13. Bg5 0-0 14. Bh4 Rd8 15. Bg3 Qb4 16. Qd2 Bd7 17. Rfd1 Rac8 18. Nxd5 Nxd5 19. Qxb4 Bxb4 20. Bxd5 exd5 21. Nxd7 Rxd7 22. Rac1 Rdd8 23. Kf1 1/2-1/2

[Event "CZE-chT2B 1415"]
[Site "Czech Republic"]
[Date "2014.11.16"]
[Round "2.2"]
[White "Petr, Jan"]
[Black "Ralis, Petr"]
[Result "1/2-1/2"]
[WhiteElo "2119"]
[BlackElo "2228"]
[PlyCount "36"]
[EventDate "2014.11.02"]
[EventType "team-tourn"]
[EventRounds "11"]
[EventCountry "CZE"]
[SourceTitle "EXT 2022"]
[Source "ChessBase"]
[SourceDate "2021.10.06"]
[SourceVersion "1"]
[SourceVersionDate "2021.10.06"]
[SourceQuality "1"]
[WhiteTeam "Mlada Boleslav"]
[BlackTeam "Teplice"]
[WhiteTeamCountry "CZE"]
[BlackTeamCountry "CZE"]

1. c4 g6 2. Nc3 Bg7 3. Nf3 Nf6 4. g3 0-0 5. Bg2 d6 6. d4 Nbd7 7. 0-0 e5 8. b4 a5 9. b5 exd4 10. Nxd4 Ne5 11. Nd5 Nxc4 12. Bg5 Nb6 13. Nxf6+ Bxf6 14. Bxf6 Qxf6 15. Rc1 d5 16. Rxc7 Qd6 17. Rc1 Bg4 18. Qd2 Rfe8 1/2-1/2

[Event "CZE-chT2B 1314"]
[Site "Czech Republic"]
[Date "2014.02.16"]
[Round "8.1"]
[White "Lechtynsky, Jiri"]
[Black "Ralis, Petr"]
[Result "1-0"]
[WhiteElo "2367"]
[BlackElo "2246"]
[PlyCount "63"]
[EventDate "2013.11.03"]
[EventType "team-tourn"]
[EventRounds "11"]
[EventCountry "CZE"]
[SourceTitle "EXT 2015"]
[Source "ChessBase"]
[SourceDate "2014.11.20"]
[SourceVersion "1"]
[SourceVersionDate "2014.11.20"]
[SourceQuality "1"]
[WhiteTeam "Most Chess"]
[BlackTeam "Teplice"]
[WhiteTeamCountry "CZE"]
[BlackTeamCountry "CZE"]

1. Nf3 Nf6 2. c4 g6 3. d4 Bg7 4. Nc3 0-0 5. Bg5 d6 6. e3 Nbd7 7. Be2 c6 8. Qc2 Re8 9. Rd1 Qa5 10. 0-0 e5 11. Bh4 Bf8 12. a3 a6 13. b4 Qc7 14. dxe5 dxe5 15. c5 a5 16. Bc4 axb4 17. axb4 Ng4 18. Qb3 Nh6 19. Ng5 Kg7 20. Nce4 Nb8 21. Nxf7 Be7 22. Nfd6 Rf8 23. Bg3 Nd7 24. Nxc8 Raxc8 25. Rxd7 Qxd7 26. Bxe5+ Bf6 27. Nxf6 Rxf6 28. Bxf6+ Kxf6 29. Qc3+ Kg5 30. f4+ Kh5 31. Be2+ Ng4 32. h3 1-0

[Event "CZE-chT2B 1314"]
[Site "Czech Republic"]
[Date "2014.02.02"]
[Round "7.2"]
[White "Constantinou, Peter"]
[Black "Ralis, Petr"]
[Result "1/2-1/2"]
[WhiteElo "2274"]
[BlackElo "2246"]
[PlyCount "59"]
[EventDate "2013.11.03"]
[EventType "team-tourn"]
[EventRounds "11"]
[EventCountry "CZE"]
[SourceTitle "EXT 2015"]
[Source "ChessBase"]
[SourceDate "2014.11.20"]
[SourceVersion "1"]
[SourceVersionDate "2014.11.20"]
[SourceQuality "1"]
[WhiteTeam "Praha Bohemians II"]
[BlackTeam "Teplice"]
[WhiteTeamCountry "CZE"]
[BlackTeamCountry "CZE"]

1. d4 c5 2. d5 e5 3. e4 d6 4. Bb5+ Nd7 5. a4 a6 6. Be2 Be7 7. Nf3 Ngf6 8. Nc3 0-0 9. Nd2 Ne8 10. 0-0 Bg5 11. Nc4 b6 12. Bd2 Rb8 13. g3 Bxd2 14. Qxd2 Qe7 15. Rfe1 g6 16. Bg4 Ng7 17. f4 f6 18. Bh3 Kh8 19. Ne2 exf4 20. Bxd7 Bxd7 21. Nxf4 g5 22. Nd3 b5 23. axb5 axb5 24. Na5 Ra8 25. b4 c4 26. Nf2 Qe5 27. Rad1 Ra6 28. Qd4 Re8 29. c3 Qxd4 30. cxd4 1/2-1/2